Brad Pitt Movies: Multiple Choice - Statistics

General Stats
  • This quiz has been taken 1,377 times
  • The average score is 13 of 15
Answer Stats
Question Answer % Correct
Which one? Fight Club
98%
Which one? Mr. & Mrs. Smith
97%
Which one? Moneyball
96%
Which one? Se7en
95%
Which one? Inglourious Basterds
94%
Which one? Ocean's Eleven
93%
Which one? The Curious Case of Benjamin Button
93%
Which one? Troy
93%
Which one? World War Z
91%
Which one? Meet Joe Black
86%
Which one? Interview with the Vampire
82%
Which one? Seven Years in Tibet
81%
Which one? Snatch
79%
Which one? 12 Monkeys
78%
Which one? Thelma & Louise
65%
No matching quizzes found
Score Distribution
Percent of People with Each Score
Percentile by Number Answered
Your Score History
You have not taken this quiz